MARC

LEADER 00000nab a2200000 a 4500
001 vtls000504845
003 SK-MaSNL
005 20260304024059.0
008 160216c xo 0 slo
015 |a SNBRB19rr/mm-uuuuu 
035 |a CL0504983 
040 |a SNKBUCL  |b slo  |c SNKBUCL  |e AACR2 
041 0 |a slo 
044 |a xo  |c SK 
080 |a 681.817  |2 1981 
080 |a 681.81-051  |2 1981 
080 |a 78.091.4  |2 1981 
080 |a 787  |2 1981 
080 |a 929 Dopjera, Ján  |2 1981 
100 1 |a Válek, Igor,  |d 1967-  |4 aut  |9 97609 
245 1 0 |a Ako išlo dobro do sveta  |c Igor Válek 
300 |b Fotogr. 2, obr. 1 
600 1 7 |a Dopjera, Ján  |d 1893-1987  |x činnosť umelecká - tradície rodinné - informácie  |2 snkbucl  |9 1304573 
650 0 7 |a strunové nástroje  |2 snkbucl  |9 120325 
650 0 7 |a dobro (hudobný nástroj)  |2 snkbucl  |9 75379 
650 0 7 |a Dobro festival 1993, Trnava  |2 snkbucl  |9 980758 
650 0 7 |a Dopjera, Ján  |2 snkbucl  |9 964424 
655 7 |a články z novín a časopisov  |2 snkbucl  |9 267496 
773 0 |t Slovenské národné noviny  |g Roč. 4 (8), č. 39 (1993), s. 8-9  |x 0862-8823 
850 |a Slovenská národná knižnica v Martine  |a MTA001 
852 |a SNK  |b KIS3GCP 
958 |a BX 
958 |a RK 
992 |a RBX 
999 |c 2619829  |d 2621759